000 00441nam a22001817a 4500
003 LC
005 20170301100724.0
008 170301b xxu||||| |||| 00| 0 eng d
020 _a9780142422076
050 _aPZ 7 .L96768 Leg 2011
100 _aLu, Marie
245 _aLegend
_cMarie Lu
260 _aUSA:
_bSpeak
_c2011
440 _aLegend
500 _aLegend Series: Book 1
650 _aFugitives from Justice
942 _2lcc
_cBK
999 _c317065
_d317065